01466nam a2200445 i 450000100060000000300080000600500170001400600190003100700150005000800410006502000270010602000180013303500230015103500240017403500250019803500210022304000310024405000200027508000100029508200120030510000230031724500430034026400370038330000650042033600310048533700330051633800430054949000190059250000220061158801280063365000230076165000220078465100210080665100210082765100290084865100340087765500270091183000200093885600620095823700FlNmELB20241216214116.0m o d | cr cnu||||||||170223s2013 sp b o 001 0 spa d a9788446043461 (e-book) z9788446038702 a(MiAaPQ)EBC4794975 a(Au-PeEL)EBL4794975 a(CaPaEBR)ebr11335605 a(OCoLC)992049995 aFINmELBbspaerdacFINmELB 4aDK40bB978 2013 a930.90 a9472231 aBushkovitch, Paul.10aHistoria de Rusia /cPaul Bushkovitch. 1aMadrid :bEdiciones Akal,c2013. a1 recurso en línea (510 páginas) :bilustrciones y mapas atextobtxt2rdacontent/spa acomputadorabc2rdamedia/spa arecurso en líneabcr2rdacarrier/spa1 aAkal Historias aIncluye índice. aDescripción basada en recurso en línea; Título de la página del título en PDF (e-libro, visto February 23, 2017). 0aCommunismzRussia. 4aComunismozRusia. 0aRussiaxHistory. 4aRusiaxHistoria. 0aFormer Soviet Republics. 4aEx Repúblicas Soviéticas. 4aLibros electrónicos. 0aAkal Historias.40uhttps://elibro.net/ereader/politecnicointernacional/49810